| Tag |
First Indicator |
Second Indicator |
Subfields |
| LEADER |
00000cam a2200000 i 4500 |
| 001 |
in00004635800 |
| 006 |
m o d |
| 007 |
cr ||||||||||| |
| 008 |
210922s2021 gaua obt s001 0beng d |
| 005 |
20230103223540.5 |
| 035 |
|
|
|a (OCoLC)on1268931603
|
| 040 |
|
|
|a GUA
|b eng
|e rda
|e pn
|c GUA
|d OCLCO
|d OCLCF
|d JSTOR
|d P@U
|d OCLCO
|d OCLCQ
|d OCLCO
|
| 020 |
|
|
|a 9780820361000
|q (ebook)
|
| 020 |
|
|
|a 0820361003
|q (ebook)
|
| 020 |
|
|
|z 9780820361024
|q (hardcover)
|
| 020 |
|
|
|z 9780820361017
|q (paperback)
|
| 035 |
|
|
|a (OCoLC)1268931603
|
| 037 |
|
|
|a 22573/ctv21c1xq6
|b JSTOR
|
| 043 |
|
|
|a n-us---
|
| 050 |
|
4 |
|a E415.9.K57
|b S84 2021
|
| 072 |
|
7 |
|a BIO
|x 010000
|2 bisacsh
|
| 072 |
|
7 |
|a HIS
|x 036120
|2 bisacsh
|
| 082 |
0 |
4 |
|a 923.273
|
| 049 |
|
|
|a TXAM
|
| 100 |
1 |
|
|a Steel, Edward M.,
|e author.
|
| 245 |
1 |
0 |
|a T. Butler King of Georgia /
|c by Edward M. Steel, Jr. ; with a new foreword by Matthew Gordon.
|
| 264 |
|
1 |
|a Athens :
|b University of Georgia Press,
|c 2021.
|
| 300 |
|
|
|a 1 online resource (xii, 204 pages) :
|b illustrations
|
| 336 |
|
|
|a text
|b txt
|2 rdacontent
|
| 337 |
|
|
|a computer
|b c
|2 rdamedia
|
| 338 |
|
|
|a online resource
|b cr
|2 rdacarrier
|
| 504 |
|
|
|a Includes bibliographical references (pages 194-199) and index.
|
| 505 |
0 |
0 |
|t A fortunate young man --
|t Promoter of the Port of Brunswick --
|t Apprentice days --
|t A gentleman from Georgia --
|t The Whig veteran --
|t Appointments and compensations --
|t California : land of opportunity --
|t The gilded age : a preview --
|t Retreat in the fifties --
|t Return to the wars --
|t A Confederate in Europe --
|t The last battle.
|
| 536 |
|
|
|a The Georgia Open History Library has been made possible in part by a major grant from the National Endowment for the Humanities: Democracy demands wisdom. Any views, findings, conclusions, or recommendations expressed in this collection, do not necessarily represent those of the National Endowment for the Humanities.
|
| 588 |
0 |
|
|a Online resource; title from PDF title page (viewed July 15, 2021)
|
| 600 |
1 |
0 |
|a King, T. Butler
|q (Thomas Butler),
|d 1800-1864.
|
| 600 |
1 |
1 |
|a King, T. Butler
|q (Thomas Butler),
|d 1800-1864.
|
| 600 |
1 |
7 |
|a King, T. Butler
|q (Thomas Butler),
|d 1800-1864.
|2 fast
|0 (OCoLC)fst00163449
|
| 650 |
|
0 |
|a Legislators
|z United States
|v Biography.
|
| 650 |
|
6 |
|a Parlementaires
|z États-Unis
|v Biographies.
|
| 650 |
|
7 |
|a BIOGRAPHY & AUTOBIOGRAPHY
|x Political.
|2 bisacsh
|
| 650 |
|
7 |
|a Legislators.
|2 fast
|0 (OCoLC)fst00995828
|
| 651 |
|
7 |
|a United States.
|2 fast
|0 (OCoLC)fst01204155
|
| 655 |
|
7 |
|a Electronic books.
|2 local
|
| 655 |
|
2 |
|a Biography
|
| 655 |
|
7 |
|a Biographies.
|2 fast
|0 (OCoLC)fst01919896
|
| 655 |
|
7 |
|a Biographies.
|2 lcgft
|
| 655 |
|
7 |
|a Biographies.
|2 rvmgf
|
| 700 |
1 |
|
|a Gordon, Matthew
|q (Matthew Jeffrey),
|e writer of foreword.
|
| 710 |
2 |
|
|a JSTOR (Organization)
|
| 856 |
4 |
0 |
|u https://www.jstor.org/stable/10.2307/j.ctv21d62wc
|z Connect to the full text of this electronic book
|t 0
|
| 955 |
|
|
|a JSTOR Open Access ebooks
|
| 994 |
|
|
|a 92
|b TXA
|
| 999 |
f |
f |
|s 5f321824-f846-43db-ae8a-6027481f5e0a
|i d3c5c100-0deb-454b-aa4d-4352056a2181
|t 0
|
| 952 |
f |
f |
|a Texas A&M University
|b College Station
|c Electronic Resources
|d Available Online
|t 0
|e E415.9.K57 S84 2021
|h Library of Congress classification
|
| 998 |
f |
f |
|a E415.9.K57 S84 2021
|t 0
|l Available Online
|